00598 2200217 4500001002100000005001700021008004100038035002400079082001100103090001800114100002000132245008000152260003100232300001900263650002700282700002300309850001500332980001300347985000600360999001400366YOGYA-0209000000984920090227021247.0 ind  0010-020900000009849 a301.32 a301.32bKey S aKEYFITZ, Nathan aSoal penduduk dan pembangunan IndonesiacNathan Keyfitz, Widjoyo Nitisastro aJakartabPembangunanc1964 a155 hlmc21 cm aPenduduk - Pembangunan aNitisastro, Wijoyo aYOPDYOG(B) a29-06-05 a1 aP00019769